Productivity improvement techniques in construction industry of Pakistan/ (Record no. 232415)

000 -LEADER
fixed length control field 00613nam a22001937a 4500
003 - CONTROL NUMBER IDENTIFIER
control field Nust
005 - DATE AND TIME OF LATEST TRANSACTION
control field 20241030133403.0
008 - FIXED-LENGTH DATA ELEMENTS--GENERAL INFORMATION
fixed length control field 170216b xxu||||| |||| 00| 0 eng d
040 ## - CATALOGING SOURCE
Transcribing agency Nust-MCE
082 ## - DEWEY DECIMAL CLASSIFICATION NUMBER
Classification number 200
100 ## - MAIN ENTRY--PERSONAL NAME
Personal name Abbas Muhammad
9 (RLIN) 18253
245 ## - TITLE STATEMENT
Title Productivity improvement techniques in construction industry of Pakistan/
Statement of responsibility, etc. Muhammad Abbas
260 ## - PUBLICATION, DISTRIBUTION, ETC.
Place of publication, distribution, etc. Risalpur,
Name of publisher, distributor, etc. MCE,
Date of publication, distribution, etc. 2016.
300 ## - PHYSICAL DESCRIPTION
Extent 112p.
650 ## - SUBJECT ADDED ENTRY--TOPICAL TERM
Source of heading or term MS-Construction Engineering and Management
700 ## - ADDED ENTRY--PERSONAL NAME
Personal name Supervisor; Muhammad Irfan
9 (RLIN) 126592
856 ## - ELECTRONIC LOCATION AND ACCESS
Uniform Resource Identifier <a href="http://10.250.8.41:8080/xmlui/handle/123456789/11820">http://10.250.8.41:8080/xmlui/handle/123456789/11820</a>
942 ## - ADDED ENTRY ELEMENTS (KOHA)
Koha item type Soft Copy
Source of classification or shelving scheme
Holdings
Withdrawn status Lost status Source of classification or shelving scheme Damaged status Not for loan Permanent Location Current Location Shelving location Date acquired Full call number Barcode Date last seen Price effective from Koha item type
          Central Library (CL) Central Library (CL) Thesis 10/28/2020 200 CL-T-6425 10/28/2020 10/28/2020 Soft Copy
© 2023 Central Library, National University of Sciences and Technology. All Rights Reserved.